LEADER 01634nam a2200361 u 4500 001 000000012314 003 CaOOAMICUS 005 20070226105525.0 008 940516s1990 ch f u000 u ger u 020 $a3-7278-0684-2 035 $a10298315 040 $aPUL$bita 041 0 $ager$afre 100 1 $aPerler, Othmar,$d1900-$0(OLS)http://pul/name/6223 245 10$aSapientia et caritas :$bgesammelte Aufsätze zum 90. Geburtstag /$cOthmar Perler ; hrsg. von Dirk Van Damme und Otto Wermelinger unter Mitarbeit von Flavio Nuvolone. 260 $aFreiburg Schweiz :$bUniversitätsverlag,$c1990. 300 $axiv, 630 p. :$bill. ;$c24 cm 490 1 $aParadosis ;$v29 500 $aComprende indici. 504 $a"Wissenschaftliche Bibliographie von Othmar Perler": p. 561-574. 600 14$aPerler, Othmar,$d1900-$0(OLS)http://pul/subject/9250 650 4$aPatristica$xRaccolte.$0(OLS)http://pul/subject/5840 700 1 $aNuvolone, Flavio.$0(OLS)http://pul/name/11730 700 1 $aWermelinger, Otto.$0(OLS)http://pul/name/11729 700 1 $aDamme, Dirk van.$0(OLS)http://pul/name/5677 830 0$aParadosis ;$v29.$0(OLS)http://pul/title/2776 850 $aPUL 852 $aPUL$W1$xSL Religione 1$y3$m20 B 29$j17405$nBK-PRI$b $qStampati$B17405$CPULBib$Z2$F17405 $H $81 941 1 $a8 961 $aINV: 65510 996 $6020$a3-7278-0684-2$9(OLS)http://pul/number/15760 996 $6245$aSapientia et caritas :$bgesammelte Aufsätze zum 90. Geburtstag$9(OLS)http://pul/title/17825 996 $6260$aFreiburg Schweiz :$bUniversitätsverlag$9(OLS)http://pul/publisher/50908 LEADER 01489nam a2200337 a 4500 001 000000158254 003 CaOOAMICUS 005 20170126141822.0 008 170126t2016 it u000 u ita r 020 $a978-88-215-7720-8* 032 $aLibriCat 040 $aPUL$bita 041 1 $aita$hheb 082 14$a222 130 0 $aBiblia.$pV.T.$pSamuel.$lItaliano ed ebraico.$0(OLS)http://pul/title/157852 245 10$aSamuele : $bintroduzione, traduzione e commento / $ca cura di Massimo Gargiulo . 260 $aCinisello Balsamo :$bSan Paolo,$c©2016. 300 $a451 p. ;$c22 cm. 490 1 $aNuova versione della Bibbia dai testi antichi ;$v08 546 $aTesto in ebraico con traduzione italiana, introduzione e commento in italiano. 630 04$aBiblia.$pV.T.$pSamuel.$0(OLS)http://pul/subject/28268 700 1 $aGargiulo, Massimo.$0(OLS)http://pul/name/101055 830 0$aNuova versione della Bibbia dai testi antichi ;$v08.$0(OLS)http://pul/title/156526 850 $aPUL 852 $aPUL$W1$xSL Religione 3$y85$m222 GARMA 1$j181592$qDDC 21$B184734$CPULBib$Z2$F184734 $H128751 $82 941 1 $a9 996 $6020$a978-88-215-7720-8*$9(OLS)http://pul/number/161942 996 $6082$a222$9(OLS)http://pul/classification/563 996 $6245$aSamuele : $bintroduzione, traduzione e commento / $9(OLS)http://pul/title/197876 996 $6260$aCinisello Balsamo :$bSan Paolo$9(OLS)http://pul/publisher/54577